Normal view MARC view
  • K.C.Garg, V.K. Sareen, Mukesh Sharma, R.K. Chawla

Entry Personal Name

Number of records used in: 2

001 - CONTROL NUMBER

  • control field: 720

003 - CONTROL NUMBER IDENTIFIER

  • control field: OSt

005 - DATE AND TIME OF LATEST TRANSACTION

  • control field: 20160517164720.0

008 - FIXED-LENGTH DATA ELEMENTS

  • fixed length control field: 160517|| aca||aabn | a|a d

040 ## - CATALOGING SOURCE

  • Original cataloging agency: OSt
  • Transcribing agency: OSt

100 ## - HEADING--PERSONAL NAME

  • Personal name: K.C.Garg, V.K. Sareen, Mukesh Sharma, R.K. Chawla

670 ## - SOURCE DATA FOUND

  • Source citation: Work cat.: (OSt): K.C.Garg, V.K. Sareen, Mukesh Sharma, R.K. Chawla, Mercantile Law, 1984